[Event "Bayern-ch Seniors 11th"]
[Site "Schloss Schney"]
[Date "1999.??.??"]
[Round "7"]
[White "Niebling, Ferdinand"]
[Black "Kudlich, Harald"]
[Result "1/2-1/2"]
[WhiteElo "2132"]
[BlackElo "1865"]
[PlyCount "84"]
[EventDate "1999.11.??"]
[EventType "swiss"]
[EventRounds "9"]
[EventCountry "GER"]
[SourceTitle "EXT 2002"]
[Source "ChessBase"]
[SourceDate "2001.11.25"]
[SourceVersion "1"]
[SourceVersionDate "2001.11.25"]
[SourceQuality "1"]

1. e4 c5 2. Nc3 Nc6 3. f4 g6 4. Nf3 Bg7 5. Bb5 Nd4 6. 0-0 Nxb5 7. Nxb5 a6 8. Nc3 d6 9. Kh1 b5 10. d4 Bb7 11. d5 b4 12. Ne2 Nf6 13. Ng3 0-0 14. Bd2 e6 15. dxe6 fxe6 16. Ng5 Qe7 17. f5 exf5 18. exf5 Ne4 19. N3xe4 Bxe4 20. fxg6 Bxg6 21. c3 a5 22. Qg4 Rae8 23. Qc4+ Kh8 24. Rae1 Rxf1+ 25. Rxf1 Bf6 26. h4 Kg7 27. Re1 Be5 28. Bf4 Qf6 29. Bxe5 Rxe5 30. Rxe5 Qxe5 31. Nf3 Qe4 32. Qxe4 Bxe4 33. Nd2 Bd5 34. a3 Kf6 35. Kh2 Ke5 36. Kg3 h5 37. Kf2 bxa3 38. bxa3 Be6 39. Ke3 a4 40. g3 Bd5 41. Nf1 Ba2 42. Nd2 Bd5 1/2-1/2

[Event "Bayern-ch Seniors 10th"]
[Site "Schloss Schney"]
[Date "1998.??.??"]
[Round "6"]
[White "Karner, Irmgard"]
[Black "Kudlich, Harald"]
[Result "0-1"]
[WhiteElo "1720"]
[BlackElo "1910"]
[PlyCount "68"]
[EventDate "1998.07.03"]
[EventType "swiss"]
[EventRounds "9"]
[EventCountry "GER"]
[SourceTitle "EXT 2006"]
[Source "ChessBase"]
[SourceDate "2005.11.24"]
[SourceVersion "1"]
[SourceVersionDate "2005.11.24"]
[SourceQuality "1"]

1. c4 g6 2. Nc3 Bg7 3. Nf3 d6 4. g3 Nf6 5. Bg2 0-0 6. 0-0 e5 7. d4 Nc6 8. d5 Na5 9. Nd2 c5 10. e4 Ng4 11. h3 Nh6 12. Qe2 Bd7 13. a3 b6 14. b4 Nb7 15. Bb2 cxb4 16. axb4 a5 17. b5 f5 18. f3 Nf7 19. Kh2 Qc7 20. Na4 Nc5 21. Nxc5 Qxc5 22. Ba3 Qc7 23. Rac1 Rae8 24. Nb1 Rc8 25. Rf2 Bh6 26. Rc2 Nd8 27. Bf1 Nb7 28. Nc3 Rf7 29. Qe1 Rcf8 30. Kg2 Bg5 31. h4 Bd8 32. Kg1 f4 33. Rh2 fxg3 34. Qxg3 Rxf3 0-1

[Event "Bayern-ch Seniors 10th"]
[Site "Schloss Schney"]
[Date "1998.??.??"]
[Round "9"]
[White "Kudlich, Harald"]
[Black "Pohrer, Hans"]
[Result "1/2-1/2"]
[WhiteElo "1910"]
[BlackElo "1770"]
[PlyCount "56"]
[EventDate "1998.07.03"]
[EventType "swiss"]
[EventRounds "9"]
[EventCountry "GER"]
[SourceTitle "EXT 2006"]
[Source "ChessBase"]
[SourceDate "2005.11.24"]
[SourceVersion "1"]
[SourceVersionDate "2005.11.24"]
[SourceQuality "1"]

1. e4 c5 2. c3 Nf6 3. e5 Nd5 4. d4 e6 5. Nf3 cxd4 6. Qxd4 Nc6 7. Qe4 f5 8. exf6 Nxf6 9. Qc2 Be7 10. Bg5 b6 11. Bd3 Bb7 12. Bxf6 Bxf6 13. Bxh7 Ne5 14. Bg6+ Ke7 15. Nxe5 Bxe5 16. Be4 Qc7 17. g3 Raf8 18. Nd2 d5 19. Bg2 d4 20. Bxb7 Qxb7 21. 0-0 dxc3 22. bxc3 Rc8 23. Qe4 Qxe4 24. Nxe4 Bxc3 25. Nxc3 Rxc3 26. f4 Rc2 27. h4 Rc3 28. Kg2 Kf6 1/2-1/2

[Event "Regionalliga NW 9798"]
[Site "Bayern"]
[Date "1997.??.??"]
[Round "?.6"]
[White "Riedl, Helmut"]
[Black "Kudlich, Harald"]
[Result "1-0"]
[WhiteElo "2060"]
[BlackElo "1970"]
[PlyCount "71"]
[EventDate "1997.10.??"]
[EventType "team-tourn"]
[EventRounds "9"]
[EventCountry "GER"]
[SourceTitle "EXT 2020"]
[Source "ChessBase"]
[SourceDate "2019.10.17"]
[SourceVersion "1"]
[SourceVersionDate "2019.10.17"]
[SourceQuality "1"]
[WhiteTeam "Kronach"]
[BlackTeam "Bamberg SC III"]
[WhiteTeamCountry "GER"]
[BlackTeamCountry "GER"]

1. d4 Nf6 2. Nf3 g6 3. c4 Bg7 4. Nc3 d6 5. e4 0-0 6. Be2 e5 7. d5 a5 8. 0-0 Nbd7 9. Qc2 Nc5 10. Bg5 h6 11. Be3 b6 12. Nd2 Ng4 13. Bxg4 Bxg4 14. a3 f5 15. f3 Bh5 16. exf5 gxf5 17. b4 Nd7 18. f4 exf4 19. Bxf4 Qf6 20. Rac1 axb4 21. axb4 Ne5 22. Nb5 Rf7 23. Nb3 Ng6 24. N3d4 Nxf4 25. Rxf4 Qe5 26. Qf2 Ra2 27. Qg3 Bg6 28. Re1 Qf6 29. h4 h5 30. Re6 Kh7 31. Rxf6 Bxf6 32. Qb3 Ra1+ 33. Rf1 Rxf1+ 34. Kxf1 Bxh4 35. g3 Bf6 36. Ne6 1-0

[Event "Regionalliga NW 9697"]
[Site "Bayern"]
[Date "1996.??.??"]
[Round "?"]
[White "Kudlich, Harald"]
[Black "Neuberger, Dirk"]
[Result "0-1"]
[WhiteElo "1885"]
[BlackElo "2020"]
[PlyCount "90"]
[EventDate "1996.10.??"]
[EventType "team-tourn"]
[EventRounds "9"]
[EventCountry "GER"]
[SourceTitle "EXT 1999"]
[Source "ChessBase"]
[SourceDate "1998.11.16"]
[SourceVersion "1"]
[SourceVersionDate "1998.11.16"]
[SourceQuality "1"]
[WhiteTeam "Bamberg SC III"]
[BlackTeam "Klingenberg"]
[WhiteTeamCountry "GER"]
[BlackTeamCountry "GER"]

1. e4 e5 2. Bc4 Nf6 3. d3 c6 4. Nf3 Be7 5. 0-0 d6 6. Nc3 Bg4 7. a4 0-0 8. Bg5 h6 9. Bd2 d5 10. Bb3 dxe4 11. dxe4 Nbd7 12. h3 Bh5 13. g4 Bg6 14. Qe2 Nh7 15. Rad1 Qc7 16. Nxe5 Nxe5 17. f4 Ng5 18. Kg2 Ne6 19. Be3 Nc5 20. fxe5 Nxb3 21. cxb3 Qxe5 22. Bf4 Qe6 23. Qc4 Qc8 24. Bd6 Bxd6 25. Rxd6 Kh7 26. Rfd1 Re8 27. Rd7 Re6 28. Kf3 Qb8 29. R1d2 b5 30. axb5 cxb5 31. Qc7 b4 32. Qxb8 Rxb8 33. Ne2 Bxe4+ 34. Kg3 Bg6 35. Nf4 Re3+ 36. Kf2 Rxb3 37. Rxa7 Rb6 38. h4 Rf6 39. Rd4 Rxb2+ 40. Kg3 Rb3+ 41. Kh2 Rb2+ 42. Kg3 Rb3+ 43. Kh2 Rc6 44. Ra2 Rb1 45. h5 Rc2+ 0-1